000 00687nam a2200229 a 4500
999 _c2522
_d2522
001 2522
003 BD-JhCC
005 20171104115600.0
008 171104s2006 bg a|||| ||a| 000 0 ben d
020 _a9842000303
035 _a(BD-JhCC)2522
040 _aBD-JhCC
_dBD-JhCC
041 _aben
082 _a951
_bLIL 2006
100 _aলিলি, অনামিকা হক
245 _aগ্রেট ওয়ালের দেশে /
_cঅনামিকা হক লিলি,
260 _aঢাকা :
_bঅ্যাডর্ণ পাবলিকেশন,
_c2006
300 _a80 p. :
_c22 cm.
650 _aTravel
_zChina
942 _2ddc
_cBK